"Big" Groups of Things - Statistics

General Stats
  • This quiz has been taken 66 times
  • The average score is 16 of 37
Answer Stats
Hint Answer % Correct
Big Six World Marathon cities London
80%
Big Eight food allergens Peanuts
80%
Big Six World Marathon cities Boston
78%
Big Six World Marathon cities New York City
78%
Big Four television networks ABC
75%
Big Four television networks Fox
72%
Big Four television networks NBC
72%
Big Four tennis players Roger Federer
68%
Big Four television networks CBS
65%
Big Four tennis players Novak Djokovic
65%
Big Eight food allergens Milk
63%
Big Four tennis players Rafael Nadal
63%
Big Four tennis players Andy Murray
57%
Big Six World Marathon cities Tokyo
53%
Big Eight food allergens Wheat
53%
Big Eight food allergens Crustacean shellfish
48%
Big Six World Marathon cities Berlin
42%
Big Four accounting firms EY
42%
Astrology Big Three Sun
42%
Big Eight food allergens Eggs
40%
Astrology Big Three Moon
40%
Big Six World Marathon cities Chicago
37%
Big Eight food allergens Fish
35%
Astrology Big Three Ascendant
30%
Big Five major personality traits Extraversion
28%
Big Three major record labels Sony
25%
Big Eight food allergens Tree Nuts
25%
Big Four accounting firms KPMG
22%
Big Five major personality traits Neuroticism
20%
Big Three major record labels Universal
20%
Big Three major record labels Warner
20%
Big Four accounting firms PwC
18%
Big Four accounting firms Deloitte
17%
Big Five major personality traits Openness
17%
Big Eight food allergens Soybeans
17%
Big Five major personality traits Conscientiousness
15%
Big Five major personality traits Agreeableness
13%
No matching quizzes found
Score Distribution
Percent of People with Each Score
Percentile by Number Answered
Your Score History
You have not taken this quiz